| 000 -LEADER |
| fixed length control field |
00538nam a22001817a 4500 |
| 008 - FIXED-LENGTH DATA ELEMENTS--GENERAL INFORMATION |
| fixed length control field |
150925b xxu||||| |||| 00| 0 eng d |
| 020 ## - INTERNATIONAL STANDARD BOOK NUMBER |
| International Standard Book Number |
0471136468 |
| 041 0# - LANGUAGE CODE |
| Language code of text/sound track or separate title |
eng |
| 080 ## - UNIVERSAL DECIMAL CLASSIFICATION NUMBER |
| Universal Decimal Classification number |
510.2 |
| 245 ## - TITLE STATEMENT |
| Title |
College mathematics : |
| Statement of responsibility, etc |
Ruric Wheeler; Karla Neal; Roseanne Hofmann; |
| 260 ## - |
| -- |
New York : |
| -- |
J. Wiley & Sons, |
| -- |
c1996. |
| 300 ## - |
| -- |
600 f.: |
| -- |
me il.; |
| -- |
24 cm. |
| 650 #0 - |
| -- |
Matematika |
| 650 #0 - |
| -- |
Grafikone |
| 700 1# - |
| -- |
Neal, Karla. |
| 700 1# - |
| -- |
Hofmann, Roseanne Salvatore. |
| 942 ## - ADDED ENTRY ELEMENTS (KOHA) |
| Source of classification or shelving scheme |
|
| Item type |
Books |